Environmental economics : (Record no. 4952)

MARC details
000 -LEADER
fixed length control field 00688nam a22002177a 4500
003 - CONTROL NUMBER IDENTIFIER
control field OSt
005 - DATE AND TIME OF LATEST TRANSACTION
control field 20251024021652.0
008 - FIXED-LENGTH DATA ELEMENTS--GENERAL INFORMATION
fixed length control field 251021b |||||||| |||| 00| 0 eng d
020 ## - INTERNATIONAL STANDARD BOOK NUMBER
International Standard Book Number 13: 978-0-07-313751-3.
040 ## - CATALOGING SOURCE
Original cataloging agency DWCL-Main lib
Transcribing agency OC
082 ## - DEWEY DECIMAL CLASSIFICATION NUMBER
Classification number Circ. 333.7 F453e 2006
100 ## - MAIN ENTRY--PERSONAL NAME
Personal name Field, Martha K.
245 ## - TITLE STATEMENT
Title Environmental economics :
Remainder of title an introduction
260 ## - PUBLICATION, DISTRIBUTION, ETC.
Place of publication, distribution, etc. Boston :
Name of publisher, distributor, etc. McGraw-Hill/Irwin,
Date of publication, distribution, etc. c2006.
300 ## - PHYSICAL DESCRIPTION
Extent xxi, 503 pages :
Other physical details illustration ;
Dimensions 23 cm.
504 ## - BIBLIOGRAPHY, ETC. NOTE
Bibliography, etc. note Includes indexes.
650 ## - SUBJECT ADDED ENTRY--TOPICAL TERM
Source of heading or term 1. Economic development-Environmental aspects.
650 ## - SUBJECT ADDED ENTRY--TOPICAL TERM
Source of heading or term 2. Environmental economics
700 ## - ADDED ENTRY--PERSONAL NAME
Personal name Field, Barry C.
942 ## - ADDED ENTRY ELEMENTS (KOHA)
Source of classification or shelving scheme Dewey Decimal Classification
Koha item type Book Circulation
Edition 4th ed.
Call number prefix Circ.
Suppress in OPAC No
952 ## - LOCATION AND ITEM INFORMATION (KOHA)
--
Holdings
Withdrawn status Lost status Source of classification or shelving scheme Damaged status Not for loan Home library Current library Shelving location Date acquired Source of acquisition Cost, normal purchase price Total Checkouts Full call number Barcode Date last seen Copy number Price effective from Koha item type Uniform Resource Identifier
    Dewey Decimal Classification     College Library College Library Circulation 11/04/2008 Donation 0.00   Circ. 333.7 F453e 2006 46375 10/21/2025 c1 10/21/2025 BK-CIRC